Štatistická ročenka Slovenskej republiky 2012 = Statistical Yearbook of the Slovak Republik 2012

Gespeichert in:
Bibliographische Detailangaben
Format: Buch
Sprache:Slowakisch
Veröffentlicht: Bratislava : Veda, 2012
Ausgabe:1. vyd.
Schlagworte:
Tags: Tag hinzufügen
Keine Tags, Fügen Sie das erste Tag hinzu!

MARC

LEADER 00000nam a22000003a 4500
001 stu262468
005 20180417123752.6
008 130211s----------------------------slo-d
040 |a STU  |b slo 
041 0 |a slo 
080 |a 311(437.6) 
245 |a Štatistická ročenka Slovenskej republiky 2012 = Statistical Yearbook of the Slovak Republik 2012 
250 |a 1. vyd. 
260 |a Bratislava :  |b Veda,  |c 2012 
300 |a CD-ROM 
650 7 |a Štatistika slovenská  |2 stusub 
996 |b 284EO00317  |c E*O-317  |l EE0104  |s P  |a 0  |w stu262468_0001 
996 |b 284J041067  |c J*115839  |l JJST  |s P  |a 0  |w stu262468_0002